LEADER 01965oam 22004454a 450 001 9910969707703321 005 20260317153839.0 010 $a9789814951722 010 $a9814951722 035 $a(CKB)5600000000001294 035 $a(OCoLC)1259322054 035 $a(MdBmJHUP)muse99787 035 $a(MiAaPQ)EBC6647431 035 $a(Au-PeEL)EBL6647431 035 $a(EXLCZ)995600000000001294 100 $a20210703d2021 uy 0 101 0 $aeng 135 $aur|||||||nn|n 181 $ctxt$2rdacontent 182 $cc$2rdamedia 183 $acr$2rdacarrier 200 14$aThe Military in Burma/Myanmar$eOn the Longevity of Tatmadaw Rule and Influence 205 $a1st ed. 210 1$aSingapore :$cISEAS - Yusof Ishak Institute,$d2021. 210 4$dİ2021. 215 $a1 online resource (1 online resource 45 p.) 300 $aDescription based upon print version of record. 311 08$a9789814951715 311 08$a9814951714 330 $aThe Myanmar military has dominated that complex country for most of the period since independence in 1948. The fourth coup of 1 February 2021 was the latest by the military to control those aspects of society it deemed essential to its own interests, and its perception of state interests.The military's institutional power was variously maintained by rule by decree, through political parties it founded and controlled, and through constitutional provisions it wrote that could not be amended without its approval.This fourth coup seems a product of personal demands for power between Senior General. 606 $aPOLITICAL SCIENCE / Political Ideologies / Democracy$2bisacsh 615 7$aPOLITICAL SCIENCE / Political Ideologies / Democracy 676 $a320.9591 700 $aSteinberg$b David I.$f1928-2024.$01800380 801 0$bMdBmJHUP 801 1$bMdBmJHUP 906 $aBOOK 912 $a9910969707703321 996 $aThe Military in Burma$94345140 997 $aUNINA